| 000 | 01012nac a22002771u 4500 | ||
|---|---|---|---|
| 010 | _a 93045466 | ||
| 020 | _a1563241005 (alk. paper) | ||
| 020 | _a1563241013 (pbk.) | ||
| 082 | 0 | 0 |
_a332.4973 _bGUT |
| 090 |
_c7187 _d7187 |
||
| 100 | _aGuttmann, Robert, | ||
| 245 | 1 | 0 |
_aHow credit-money shapes the economy : _bthe United States in a global system / _cRobert Guttmann. |
| 260 |
_aArmonk, N.Y. : _bM.E. Sharpe,1994 _cc1994. |
||
| 300 |
_axxiii, 561 p. : _bill. ; _c24 cm. |
||
| 440 | 0 | _aColumbia University seminar series | |
| 500 | _adistributer: Al-Ahram | ||
| 504 | _aIncludes bibliographical references (p. 527-539) and index. | ||
| 511 | _acatalogued by: wessam | ||
| 650 | 0 |
_aMonetary policy _zUnited States. |
|
| 650 | 0 |
_aMoney _xSocial aspects _zUnited States. |
|
| 650 | 0 |
_aGold standard _xHistory. |
|
| 650 | 0 |
_aCredit _zUnited States. |
|
| 650 | 0 |
_aBanks and banking _zUnited States. |
|
| 650 | 0 | _aInternational finance. | |
| 942 |
_cBB _k332.4973GUT |
||
| 999 |
_c7187 _d7187 |
||